CORBA programming unleashed (Record no. 61834)
[ view plain ]
| 000 -LEADER | |
|---|---|
| fixed length control field | 00700nam a22002177a 4500 |
| 003 - CONTROL NUMBER IDENTIFIER | |
| control field | NUST-PNEC |
| 005 - DATE AND TIME OF LATEST TRANSACTION | |
| control field | 20170116180732.0 |
| 008 - FIXED-LENGTH DATA ELEMENTS--GENERAL INFORMATION | |
| fixed length control field | 141119b xxu||||| |||| 00| 0 eng d |
| 020 ## - INTERNATIONAL STANDARD BOOK NUMBER | |
| International Standard Book Number | 0672310260 |
| 020 ## - INTERNATIONAL STANDARD BOOK NUMBER | |
| International Standard Book Number | 817635225X |
| 040 ## - CATALOGING SOURCE | |
| Transcribing agency | PNEC |
| 082 ## - DEWEY DECIMAL CLASSIFICATION NUMBER | |
| Classification number | 005.133 AHM |
| 100 ## - MAIN ENTRY--PERSONAL NAME | |
| 9 (RLIN) | 999 |
| Personal name | Ahmed Suhail M |
| 245 ## - TITLE STATEMENT | |
| Title | CORBA programming unleashed |
| Statement of responsibility, etc. | Suhail M Ahmed |
| 260 ## - PUBLICATION, DISTRIBUTION, ETC. | |
| Place of publication, distribution, etc. | [Indianapolis, Ind.] : |
| Name of publisher, distributor, etc. | Sams, |
| Date of publication, distribution, etc. | c1999. |
| 300 ## - PHYSICAL DESCRIPTION | |
| Extent | xviii, 578 p. : |
| Other physical details | ill. ; |
| Dimensions | 24 cm |
| 500 ## - GENERAL NOTE | |
| General note | Includes index. |
| 650 ## - SUBJECT ADDED ENTRY--TOPICAL TERM | |
| General subdivision | MIS, Computer |
| 856 ## - ELECTRONIC LOCATION AND ACCESS | |
| Uniform Resource Identifier | <a href="http://www.amazon.com/Corba-Programming-Unleashed-Suhail-Ahmed/dp/0672310260/ref=sr_1_1?ie=UTF8&qid=1416375419&sr=8-1&keywords=0672310260">http://www.amazon.com/Corba-Programming-Unleashed-Suhail-Ahmed/dp/0672310260/ref=sr_1_1?ie=UTF8&qid=1416375419&sr=8-1&keywords=0672310260</a> |
| 942 ## - ADDED ENTRY ELEMENTS (KOHA) | |
| Source of classification or shelving scheme | |
| Koha item type | Book |
| Withdrawn status | Lost status | Source of classification or shelving scheme | Damaged status | Not for loan | Permanent Location | Current Location | Shelving location | Date acquired | Source of acquisition | Cost, normal purchase price | Total Checkouts | Full call number | Barcode | Date last seen | Cost, replacement price | Price effective from | Koha item type |
|---|---|---|---|---|---|---|---|---|---|---|---|---|---|---|---|---|---|
| Pakistan Navy Engineering College (PNEC) | Pakistan Navy Engineering College (PNEC) | 10/02/2000 | Vangaurd Books | 510.00 | 005.276 AHM | PNECLIB-023108 | 11/19/2014 | 510.00 | 10/02/2000 | Book | |||||||
| Pakistan Navy Engineering College (PNEC) | Pakistan Navy Engineering College (PNEC) | 11/06/2001 | NUST Recurring A/c | 590.00 | 005.133 AHM | PNECLIB-025207 | 12/03/2014 | 590.00 | 11/06/2001 | Book |
